000 00621cam a22001934a 4500
005 20250605164227.0
008 250528s ||||||||||||||||||||||||d
035 _a20912
020 _a9789605661786
040 _aGR-AtMCL
_bgre
_dGR-AtMCL
_eAACR2
245 1 _aΤα Μαγικά Χέρια του Τσαγκαράκου / Μικρές Καληνύχτες
260 _bΜεταίχμιο,
_c2015
300 _a30
520 _aΒραβείο 2016 Κύκλου Ελληνικού Παιδικού Βιβλίου
700 1 _aΚόντου Μαριέττα
_96897
942 _cBK
999 _c5989
_d5989